10 Mejores Anime de la historia - Estadísticas

Estadísticas generales
  • Esta prueba ha sido intentada 408 veces
  • La puntuación promedio es 3 de 10
Estadísticas de respuestas
Hint Respuesta % Correcto
1 Dragon Ball Z
78%
10 One Piece
42%
2 Death Note
41%
7 Naruto
41%
3 Pokemon
24%
9 Bleach
21%
6 Fullmetal Alchemist
19%
8 Neon Genesis Evangelion
5%
4 Los Caballeros del Zodiaco
4%
5 Code Geass: La Rebelión de Lelouch
2%
No se encontraron pruebas coincidentes
Distribución de puntuación
Porcentaje de gente con cada puntuación
Porcentaje por número respondido
Historial de tus puntuaciones
No has intentado esta prueba.